00921 am a2200265 a 450000500170000000800410001702000080005804100080006609200190007424500490009325000110014226000600015330000110021350001160022459000320034065300180037270000250039070000320041570000430044770000330049093000090052394200120053299900130054495200980055720240517095454.0100514s1979||||ag a f |||| 00| 0 spa d aS/N aspa c616.5l21sENF aEnfermedades de la Vulva / cDante Calandra a1a ed. aBuenos Aires: bEditorial Médica Panamericana;c1979. a384 p. aCalandra, D. et al. (1979). Enfermedades de la Vulva. (1a ed.). Buenos Aires : Editorial Médica Panamericana. aDonación Dr. Mancuso 2007 aGinecología1 aCalandra, Dante91781 aDi Paola, Guillermo R.91781 aLeverone, Nidia Gómez Rueda de.91791 aBaliña, Luis María.9180 a1762 2ddccBK c313d313 00104070aBFMbBFMcCRd2011-05-13l0o616.5 21 ENFp1762r2014-11-06tej.1w2011-05-13yBK